Náměty & tipy na práci s nadaným žákem : metodický rádce a pomocník pro učitele a rodiče

Saved in:
Bibliographic Details
Main Author Rohová, Jana (Author)
Other Authors Slánská, Zuzana (Illustrator)
Format Book
LanguageCzech
Published Praha : Raabe, 2026
Edition1. vydání
Subjects
ISBN978-80-7496-495-4
Physical Description80 stran : ilustrace ; 30 cm

Cover

LEADER 00000nam a2200000 i 4500
001 115539
003 CZ-ZlUTB
005 20260429082906.0
007 ta
008 260305s2026 xr a e f 000 0 cze
015 |a cnb003744118 
020 |a 978-80-7496-495-4  |q (brožováno) 
040 |a OLA001  |b cze  |d ABA001  |e rda 
072 7 |a 373.2/.3  |x Předškolní a primární výchova a vzdělávání  |2 Konspekt  |9 22 
080 |a 373.3.011.3-052-056.45  |2 MRF 
080 |a 376-056.45  |2 MRF 
080 |a 373.3  |2 MRF 
080 |a (072)  |2 MRF 
100 1 |a Rohová, Jana  |7 jo2013755997  |4 aut 
245 1 0 |a Náměty & tipy na práci s nadaným žákem :  |b metodický rádce a pomocník pro učitele a rodiče /  |c Jana Rohová ; ilustrace Zuzana Slánská 
246 3 |a Náměty a tipy na práci s nadaným žákem 
250 |a 1. vydání 
264 1 |a Praha :  |b Raabe,  |c 2026 
300 |a 80 stran :  |b ilustrace ;  |c 30 cm 
336 |a text  |b txt  |2 rdacontent 
337 |a bez média  |b n  |2 rdamedia 
338 |a svazek  |b nc  |2 rdacarrier 
500 |a Obálkový podnázev: příručka pro učitele a rodiče 
504 |a Obsahuje bibliografii a bibliografické odkazy 
650 0 7 |a talentovaní žáci  |7 ph116395  |2 czenas 
650 0 7 |a pedagogika nadaných  |7 ph270274  |2 czenas 
650 0 7 |a základní školy  |7 ph116795  |2 czenas 
650 0 9 |a gifted pupils  |2 eczenas 
650 0 9 |a gifted education  |2 eczenas 
650 0 9 |a elementary schools  |2 eczenas 
655 7 |a metodické příručky  |7 fd132826  |2 czenas 
655 9 |a methodological manuals  |2 eczenas 
700 1 |a Slánská, Zuzana  |7 ola2018983306  |4 ill 
710 2 |a Nakladatelství Dr. Josef Raabe  |7 ko2002149256  |4 pbl 
910 |a ZLD002 
928 9 |a Josef Raabe 
942 |2 udc 
952 |0 0  |1 0  |4 0  |5 0  |6 373ROHOVÁJ  |7 0  |8 BOOK  |9 190872  |a UTBZL  |b UTBZL  |c 005  |d 2026-04-24  |l 0  |o 373/ROHOVÁ,J.  |p 420010202032  |r 2026-04-24 12:59:23  |v 579.00  |w 2026-04-24  |x N:nákup  |y 01 
952 |0 0  |1 0  |4 0  |5 0  |6 373ROHOVÁJ  |7 0  |8 BOOK  |9 190873  |a UTBZL  |b UTBZL  |c 006  |d 2026-04-24  |l 0  |o 373/ROHOVÁ,J.  |p 420010202033  |r 2026-04-24 12:59:46  |v 579.00  |w 2026-04-24  |x N:nákup  |y 04 
992 |a BK  |b SK 
999 |c 115539  |d 115539